| 000 | 01383cam a22003255i 4500 | ||
|---|---|---|---|
| 999 |
_c28873 _d28844 |
||
| 001 | 006129855 | ||
| 003 | EG-ScBUE | ||
| 005 | 20200928135325.0 | ||
| 008 | 200928t19911991maua f b 100 0 eng d | ||
| 020 | _a0910897115 (pbk) | ||
| 040 |
_aUk _beng _erda _cUk _dEG-ScBUE |
||
| 082 | 0 | 4 |
_a658.421 _bFRO _222 |
| 111 | 2 |
_aBabson College Entrepreneurship Research Conference _n(10th : _d1990 : _cBabson College) |
|
| 245 | 1 | 0 |
_aFrontiers of entrepreneurship 1990 : _bproceedings of the Tenth Annual Babson College Entrepreneurship Research Conference / _csponsored by Center for Entrepreneurial Studies, Babson College ; edited by Neil C. Churchill, Babson College [and five other]. |
| 264 | 1 |
_aBabson Park, Mass. : _bCenter for Entrepreneurial Studies, Babson College, _c[1991] |
|
| 264 | 4 | _cc1991 | |
| 300 |
_axvi, 620 pages : _billustrations ; _c24 cm |
||
| 336 |
_atext _btxt _2rdacontent |
||
| 337 |
_aunmediated _bn _2rdamedia |
||
| 338 |
_avolume _bnc _2rdacarrier |
||
| 504 | _aIncludes bibliographical references. | ||
| 540 |
_aBritish Library not licensed to copy _c0 _5Uk |
||
| 650 | 7 |
_aEntrepreneurship _vCongresses. _2BUEsh |
|
| 650 | 7 |
_aNew business enterprises _vCongresses. _2BUEsh |
|
| 653 |
_bBUSADM _cSeptember2020 |
||
| 653 | _afrontiers | ||
| 700 | 1 |
_aChurchill, Neil C. _eeditor. |
|
| 710 | 2 |
_aBabson College. _bCenter for Entrepreneurship Studies. |
|
| 942 |
_2ddc _cBB |
||